Statistics for Countries Containing ''ON''

Click here to take the quiz!

General Stats

  • This quiz has been taken 239 times
    (152 since last reset)
  • The average score is 10 of 16

Answer Stats

ON Country% Correct
Democratic Republic of the Congo
83%
Republic of the Congo
83%
Mongolia
82%
Monaco
81%
Gabon
78%
Montenegro
73%
Tonga
73%
Indonesia
68%
Honduras
65%
Lebanon
62%
Estonia
57%
Federated States of Micronesia
55%
Cameroon
53%
North Macedonia
50%
Solomon Islands
49%
Sierra Leone
29%

Score Distribution

Percentile by Number Answered

Percent of People with Each Score

Your Score History

You have not taken this quiz since the last reset